Województwa zbierające najwięcej truskawek - Statystyki

Ogólne statystyki
  • Ten quiz został rozwiązany 172 razy
  • Średni wynik to 4 z 6
Statystyki odpowiedzi
Tys. ha Województwo % Poprawnych
15,9 mazowieckie
93%
1,1 wielkopolskie
81%
4,1 lubelskie
76%
2,3 łódzkie
66%
2,1 świętokrzyskie
52%
1,2 dolnośląskie
50%
Nie znaleziono quizów pasujących do podanych kryteriów
Rozkład punktacji
Procent ludzi z każdym wynikiem
Percentyl według liczby udzielonych odpowiedzi
Twoja historia wyników
Nie rozwiązałeś tego quizu